[Event "Capablanca Memorial op-B 45th"]
[Site "Havana"]
[Date "2011.05.12"]
[Round "2"]
[White "Chacon Beltran, Jose Antonio"]
[Black "Palsson, Halldor Peter"]
[Result "1-0"]
[WhiteElo "2085"]
[BlackElo "2032"]
[PlyCount "49"]
[EventDate "2011.05.11"]
[EventType "swiss"]
[EventRounds "7"]
[EventCountry "CUB"]
[SourceTitle "CBM 142 Extra"]
[Source "ChessBase"]
[SourceDate "2011.06.27"]
[SourceVersion "1"]
[SourceVersionDate "2011.06.27"]
[SourceQuality "1"]

1. d4 d5 2. Nf3 e6 3. c4 c6 4. Nc3 dxc4 5. Ne5 b5 6. e3 Nf6 7. Be2 Bb4 8. 0-0 Bb7 9. Bf3 Nd5 10. Qc2 0-0 11. e4 Nxc3 12. bxc3 Be7 13. Rb1 Qc8 14. Qb2 Ba6 15. Rd1 f6 16. Ng4 Nd7 17. d5 e5 18. d6 Bd8 19. Ne3 g6 20. Bg4 Bb6 21. Be6+ Kh8 22. Qe2 Qe8 23. Bh3 Rd8 24. Ba3 Bc5 25. Bxd7 1-0

[Event "ESP-ch U18"]
[Site "Los Barrios"]
[Date "1995.??.??"]
[Round "8"]
[White "Cervantes, S."]
[Black "Chacon Beltran, Jose Antonio"]
[Result "1/2-1/2"]
[WhiteElo "2000"]
[BlackElo "2110"]
[PlyCount "77"]
[EventDate "1995.??.??"]
[EventType "swiss"]
[EventRounds "8"]
[EventCountry "ESP"]
[SourceTitle "EXT 1998"]
[Source "ChessBase"]
[SourceDate "1997.11.17"]
[SourceVersion "1"]
[SourceVersionDate "1997.11.17"]
[SourceQuality "1"]

1. d4 e6 2. Nf3 f5 3. g3 Nf6 4. Bg2 Be7 5. 0-0 0-0 6. c4 d5 7. Nc3 c6 8. Bf4 Ne4 9. Bxb8 Rxb8 10. Ne5 Bf6 11. Qd3 Qd6 12. f4 Qb4 13. Rab1 Bxe5 14. fxe5 b6 15. cxd5 cxd5 16. a3 Qe7 17. Rbc1 Nxc3 18. Rxc3 Bb7 19. Rfc1 Rbc8 20. e3 Rxc3 21. Rxc3 Rc8 22. Bf1 Rc6 23. Rxc6 Bxc6 24. Qc3 Qd7 25. b4 h6 26. Qd3 Qc8 27. b5 Be8 28. Qd2 Bh5 29. Kf2 Qc7 30. Bd3 Bg4 31. Qc2 Qxc2+ 32. Bxc2 Kf8 33. Kg2 Be2 34. a4 Ke7 35. h3 Kf7 36. Kf2 Bh5 37. Ke1 Bf3 38. Kf2 Bh5 39. Ke1 1/2-1/2

[Event "ESP-ch U18"]
[Site "Los Barrios"]
[Date "1995.??.??"]
[Round "7"]
[White "Chacon Beltran, Jose Antonio"]
[Black "Arizmendi Martinez, Julen Luis"]
[Result "0-1"]
[WhiteElo "2110"]
[BlackElo "2225"]
[PlyCount "72"]
[EventDate "1995.??.??"]
[EventType "swiss"]
[EventRounds "8"]
[EventCountry "ESP"]
[SourceTitle "EXT 1998"]
[Source "ChessBase"]
[SourceDate "1997.11.17"]
[SourceVersion "1"]
[SourceVersionDate "1997.11.17"]
[SourceQuality "1"]

1. f4 d5 2. e3 Nf6 3. Nf3 g6 4. b3 Bg7 5. Bb2 0-0 6. Be2 c5 7. 0-0 Nc6 8. Ne5 Qd6 9. Nxc6 Qxc6 10. d3 b6 11. Bf3 Bb7 12. Nd2 Ng4 13. Bxg7 Nxe3 14. Qe2 Nxf1 15. Bxf8 Nxd2 16. Bh6 Nxf3+ 17. Qxf3 Qd7 18. Re1 d4 19. Qg3 f6 20. f5 Kf7 21. fxg6+ hxg6 22. Bd2 Rh8 23. Re2 g5 24. c3 dxc3 25. Bxc3 Qd6 26. Qxd6 exd6 27. Rf2 Rh6 28. h4 gxh4 29. Bd2 Rg6 30. Bf4 h3 31. g3 Ke6 32. a3 Bg2 33. b4 Kd5 34. b5 Rg7 35. Be3 Rxg3 36. Re2 Bf3+ 0-1

[Event "ESP-ch U18"]
[Site "Los Barrios"]
[Date "1995.??.??"]
[Round "3"]
[White "Chacon Beltran, Jose Antonio"]
[Black "Vallejo Pons, Francisco"]
[Result "1/2-1/2"]
[WhiteElo "2110"]
[BlackElo "2325"]
[PlyCount "75"]
[EventDate "1995.??.??"]
[EventType "swiss"]
[EventRounds "8"]
[EventCountry "ESP"]
[SourceTitle "EXT 1998"]
[Source "ChessBase"]
[SourceDate "1997.11.17"]
[SourceVersion "1"]
[SourceVersionDate "1997.11.17"]
[SourceQuality "1"]

1. Nf3 f5 2. d4 Nf6 3. g3 g6 4. Bg2 Bg7 5. Bg5 Ne4 6. h4 h6 7. Be3 d6 8. Nfd2 Nxd2 9. Qxd2 c6 10. Nc3 Nd7 11. Bf4 e5 12. dxe5 dxe5 13. Be3 Qf6 14. Rd1 Nb6 15. b3 Be6 16. 0-0 Qe7 17. Qd6 Kf7 18. Qxe7+ Kxe7 19. Bc5+ Kf7 20. e4 f4 21. gxf4 exf4 22. Ne2 Be5 23. Nd4 Bg4 24. Nf3 Bf6 25. Bd6 g5 26. Rd3 Rae8 27. c4 gxh4 28. Bxf4 h3 29. Bh1 Rxe4 30. Bg3 Re2 31. a4 h5 32. Re3 Re8 33. Rxe8 Kxe8 34. a5 Nd7 35. Nh2 Bd4 36. a6 bxa6 37. Bxc6 Ke7 38. Rd1 1/2-1/2

[Event "ESP-ch U18"]
[Site "Los Barrios"]
[Date "1995.??.??"]
[Round "6"]
[White "Cuesta, G."]
[Black "Chacon Beltran, Jose Antonio"]
[Result "0-1"]
[WhiteElo "2010"]
[BlackElo "2110"]
[PlyCount "116"]
[EventDate "1995.??.??"]
[EventType "swiss"]
[EventRounds "8"]
[EventCountry "ESP"]
[SourceTitle "EXT 1998"]
[Source "ChessBase"]
[SourceDate "1997.11.17"]
[SourceVersion "1"]
[SourceVersionDate "1997.11.17"]
[SourceQuality "1"]

1. d4 e6 2. Nf3 f5 3. Bg5 Be7 4. Bxe7 Qxe7 5. c3 Nf6 6. e3 b6 7. Nbd2 Bb7 8. Bd3 0-0 9. Qc2 d5 10. Ne5 Nbd7 11. Ndf3 c5 12. Nxd7 Nxd7 13. Bb5 Nf6 14. Ne5 Rac8 15. Be2 Ne4 16. Bd3 Nd6 17. Qd2 Bc6 18. 0-0 Bb5 19. Bxb5 Nxb5 20. b3 Nd6 21. f3 Rc7 22. Rfd1 Nf7 23. Nxf7 Qxf7 24. Rac1 Rfc8 25. c4 cxd4 26. Qxd4 Qf6 27. e4 fxe4 28. fxe4 Qxd4+ 29. Rxd4 dxc4 30. Rdxc4 Rxc4 31. bxc4 Kf7 32. Kf2 Kf6 33. Rc3 Ke5 34. Ra3 a5 35. Rb3 Rxc4 36. Rxb6 Rc2+ 37. Kf3 Rxa2 38. Rb5+ Kf6 39. e5+ Kg5 40. Rb8 Rc2 41. Rb7 g6 42. Rxh7 Kf5 43. Ra7 Rc5 44. h3 Kxe5 45. Ra6 g5 46. Ra8 Kd4 47. Ra6 Kc3 48. Rxe6 a4 49. Ra6 Kb4 50. Kg4 a3 51. h4 gxh4 52. Kxh4 Ra5 53. Rb6+ Kc3 54. Rb1 a2 55. Ra1 Kb2 56. Rxa2+ Rxa2 57. g4 Kc3 58. g5 Kd4 0-1

[Event "ESP-chT"]
[Site "Spain"]
[Date "1993.??.??"]
[Round "?"]
[White "Chacon Beltran, Jose Antonio"]
[Black "Gonzalez Garcia, Guillermo W"]
[Result "0-1"]
[WhiteElo "2120"]
[BlackElo "2235"]
[PlyCount "90"]
[EventDate "1993.??.??"]
[EventType "team"]
[EventRounds "9"]
[EventCountry "ESP"]
[SourceTitle "TD"]
[Source "ChessBase"]
[SourceDate "1994.03.01"]
[SourceVersion "1"]
[SourceVersionDate "1994.03.01"]
[SourceQuality "1"]

1. e4 c5 2. f4 e6 3. Nf3 d5 4. exd5 exd5 5. Bb5+ Bd7 6. Qe2+ Qe7 7. Bxd7+ Nxd7 8. Qxe7+ Nxe7 9. Nc3 0-0-0 10. 0-0 f6 11. d3 Nb6 12. Re1 Nc6 13. a3 d4 14. Ne4 Nd5 15. Bd2 Be7 16. Re2 Rhe8 17. Rae1 Rf8 18. g3 Bd6 19. Nxd6+ Rxd6 20. Nh4 b6 21. Re8+ Rd8 22. Rxd8+ Rxd8 23. h3 a5 24. f5 g5 25. Nf3 Kd7 26. Kf2 Re8 27. Rxe8 Kxe8 28. g4 b5 29. Nh2 a4 30. Nf1 Ne5 31. Ng3 c4 32. Ke2 c3 33. bxc3 dxc3 34. Bc1 Nc6 35. Ne4 Ke7 36. Be3 b4 37. Bc5+ Kd8 38. Bxb4 Ncxb4 39. axb4 a3 40. Nc5 Nb6 41. Kd1 Kc7 42. Nb3 Kd6 43. Na1 Ke5 44. Ke2 Kf4 45. Nb3 a2 0-1

[Event "Havana-B"]
[Site "Havana"]
[Date "1992.??.??"]
[Round "?"]
[White "Chacon Beltran, Jose Antonio"]
[Black "Aldama Degurnay, Dionisio"]
[Result "0-1"]
[WhiteElo "2215"]
[BlackElo "2141"]
[PlyCount "50"]
[EventDate "1992.??.??"]
[EventType "tourn"]
[EventRounds "9"]
[EventCountry "CUB"]
[SourceTitle "EXT 1999"]
[Source "ChessBase"]
[SourceDate "1998.11.16"]
[SourceVersion "1"]
[SourceVersionDate "1998.11.16"]
[SourceQuality "1"]

1. d4 Nf6 2. Nf3 g6 3. g3 Bg7 4. Bg2 0-0 5. 0-0 d6 6. c4 Nbd7 7. Qc2 e5 8. Rd1 Qe7 9. dxe5 dxe5 10. e4 c6 11. h3 Nc5 12. Nc3 Nfd7 13. Be3 Ne6 14. Qd2 f5 15. Bh6 Bxh6 16. Qxh6 f4 17. h4 Qc5 18. Na4 Qa5 19. Rd6 Nf6 20. Ng5 Nxg5 21. Rxf6 Rxf6 22. Qxg5 Kg7 23. gxf4 Qxa4 24. fxe5 Rf7 25. Qd8 Qxc4 0-1

[Event "Fuerteventura op"]
[Site "Fuerteventura"]
[Date "1992.??.??"]
[Round "?"]
[White "Chacon Beltran, Jose Antonio"]
[Black "Bueno Perez, Lazaro A"]
[Result "1/2-1/2"]
[WhiteElo "2215"]
[BlackElo "2250"]
[PlyCount "61"]
[EventDate "1992.??.??"]
[EventType "swiss"]
[EventRounds "11"]
[EventCountry "CUB"]
[SourceTitle "EXT 1999"]
[Source "ChessBase"]
[SourceDate "1998.11.16"]
[SourceVersion "1"]
[SourceVersionDate "1998.11.16"]
[SourceQuality "1"]

1. d4 d5 2. Nf3 e6 3. g3 Nf6 4. Bg2 Be7 5. 0-0 0-0 6. c4 c6 7. Qc2 Nbd7 8. Nbd2 b6 9. e4 dxc4 10. Nxc4 Ba6 11. Ng5 h6 12. Nh3 c5 13. d5 Bxc4 14. Qxc4 e5 15. f4 Bd6 16. a4 Qb8 17. Ra3 a6 18. f5 Qb7 19. g4 b5 20. Qe2 c4 21. Rg3 Rfc8 22. g5 hxg5 23. Nxg5 Kf8 24. Ne6+ Ke7 25. Bg5 Rg8 26. Bh4 Rh8 27. Qg4 Rh7 28. Rh3 Rah8 29. Qg3 Qb8 30. axb5 axb5 31. Bg5 1/2-1/2

[Event "Ponferrada op"]
[Site "Ponferrada"]
[Date "1992.??.??"]
[Round "?"]
[White "Chacon Beltran, Jose Antonio"]
[Black "Guerra Bastida, Diego"]
[Result "1/2-1/2"]
[WhiteElo "2215"]
[BlackElo "2280"]
[PlyCount "134"]
[EventDate "1992.08.??"]
[EventType "swiss"]
[EventRounds "9"]
[EventCountry "ESP"]
[SourceTitle "EXT 2000"]
[Source "ChessBase"]
[SourceDate "1999.11.16"]
[SourceVersion "1"]
[SourceVersionDate "1999.11.16"]
[SourceQuality "1"]

1. Nf3 c5 2. b3 d6 3. Bb2 Nc6 4. e3 e5 5. d3 g6 6. c4 Bg7 7. Be2 Nge7 8. a3 0-0 9. Qc2 a6 10. Nbd2 b5 11. 0-0 Rb8 12. Rab1 h6 13. Rfd1 Be6 14. d4 exd4 15. exd4 Bf5 16. Bd3 Nxd4 17. Nxd4 cxd4 18. Bxf5 Nxf5 19. Nf3 Qb6 20. cxb5 Rfc8 21. Qd2 Rc3 22. Nxd4 Qxd4 23. Bxc3 Qxc3 24. Qxc3 Bxc3 25. bxa6 Ra8 26. g4 Nd4 27. Rd3 Rxa6 28. Kf1 Nb5 29. a4 Na3 30. Rc1 Bb4 31. Rc7 Nb1 32. Rb7 Bc3 33. Kg2 Kg7 34. f4 g5 35. fxg5 hxg5 36. Rd7 Be5 37. Rc7 Bf4 38. Rb7 Nd2 39. Rb4 Nb1 40. h4 Kh6 41. h5 d5 42. Rxd5 Re6 43. Rd7 Re2+ 44. Kf1 Re6 45. Rxf7 Nd2+ 46. Kf2 Ne4+ 47. Kg2 Nd2 48. Rbxf4 gxf4 49. Rxf4 Nxb3 50. Kg3 Nc5 51. Kh4 Ra6 52. Rc4 Ne6 53. Rb4 Ng5 54. Rb5 Nf3+ 55. Kg3 Nd4 56. Rb4 Nc6 57. Re4 Nd8 58. Kh4 Nf7 59. Rf4 Ra7 60. a5 Rxa5 61. Rxf7 Rxh5+ 62. Kg3 Ra5 63. Rb7 Kg6 64. Kh4 Rc5 65. Rb6+ Kg7 66. g5 Rc1 67. Kg4 Rg1+ 1/2-1/2

[Event "Havana-B"]
[Site "Havana"]
[Date "1992.??.??"]
[Round "?"]
[White "Chacon Beltran, Jose Antonio"]
[Black "Lebredo Zaragoitia, Gerardo"]
[Result "0-1"]
[WhiteElo "2215"]
[BlackElo "2270"]
[PlyCount "32"]
[EventDate "1992.??.??"]
[EventType "tourn"]
[EventRounds "9"]
[EventCountry "CUB"]
[SourceTitle "EXT 2002"]
[Source "ChessBase"]
[SourceDate "2001.11.25"]
[SourceVersion "1"]
[SourceVersionDate "2001.11.25"]
[SourceQuality "1"]

1. d4 d5 2. Nf3 c5 3. g3 Nc6 4. Bg2 e6 5. 0-0 cxd4 6. Nxd4 Bc5 7. Nxc6 bxc6 8. e4 Ne7 9. Nc3 0-0 10. exd5 exd5 11. b3 Re8 12. Bb2 Be6 13. Na4 Bd6 14. Re1 Qa5 15. Re3 Rad8 16. Qd4 Nf5 0-1

[Event "Havana-B"]
[Site "Havana"]
[Date "1992.??.??"]
[Round "?"]
[White "Chacon Beltran, Jose Antonio"]
[Black "Palao, Maricela"]
[Result "1/2-1/2"]
[WhiteElo "2215"]
[BlackElo "2150"]
[PlyCount "73"]
[EventDate "1992.??.??"]
[EventType "tourn"]
[EventRounds "9"]
[EventCountry "CUB"]
[SourceTitle "EXT 1999"]
[Source "ChessBase"]
[SourceDate "1998.11.16"]
[SourceVersion "1"]
[SourceVersionDate "1998.11.16"]
[SourceQuality "1"]

1. d4 d5 2. c4 e6 3. Nc3 c5 4. cxd5 exd5 5. Nf3 Nc6 6. g3 c4 7. Bg2 Bb4 8. 0-0 Nge7 9. e4 0-0 10. exd5 Nxd5 11. Nxd5 Qxd5 12. Be3 Bf5 13. Ne5 Qb5 14. a4 Qa6 15. Bxc6 bxc6 16. Qf3 Bd3 17. Rfc1 Rac8 18. h4 f6 19. Nxd3 cxd3 20. Rd1 c5 21. dxc5 Rfd8 22. Rac1 d2 23. Ra1 Qd3 24. Qg4 a5 25. h5 f5 26. Qg5 Rc6 27. Qe7 h6 28. Qb7 Qe4 29. Qb5 Qf3 30. Qc4+ Kh7 31. Qh4 Re8 32. Qf4 Qxh5 33. Kg2 Re4 34. Qf3 Qxf3+ 35. Kxf3 Bxc5 36. Bxc5 Rxc5 37. Rxd2 1/2-1/2